| 000 | 00496nmm a2200181Ia 4500 | ||
|---|---|---|---|
| 008 | 251105s9999||||xx |||||||||||||||||und|| | ||
| 041 | _aspa | ||
| 100 | _aDumaître, Fabien | ||
| 245 | 0 | _aStephanie, la mirona desinhibida | |
| 264 |
_a[Madrid, España] : _bSaga Egmont, _c2020 |
||
| 300 | _a0 páginas | ||
| 490 | _aLUST | ||
| 650 | _aErotic novel | ||
| 700 | _aDumaître, Fabien | ||
| 700 | 1 | _a Nuñez, Cymbeline | |
| 856 | _uhttps://public.digitaliapublishing.com/a/99694 | ||
| 942 | _cCF | ||
| 999 |
_c64923 _d64923 |
||